000 00287nam a22001217a 4500
999 _c260554
_d260553
020 _a0375827358
100 _aMary Pope Osborne
245 _aSummer of the sea serpent.
260 _aNew York
_bRandom House
_c2004
300 _a111 pgs
_bill
490 _aMagic Tree House
942 _cBK